000 00657nam a2200241Ia 4500
003 OSt
005 20221007070831.0
006 a|||||r|||| 00| 0
007 ta
008 221006b |||||||| |||| 00| 0 eng d
024 _a29,133
037 _cTextual
040 _aFLL
_cFLL
_beng
041 _2eng
_aeng
082 _aZ73:9405, J6.3;1
100 _aUnderhill H.C.
_9687784
245 0 _aCriminal evidence
250 _a5th
260 _aIndianapolis
_bThe Bobbs-Merrill Company, Inc. Indianapolis
_c1957
300 _axxiii,2056p
_ccm.
942 _hZ73:9405, J6.3;1
_cTEXL
_2CC
999 _c1141671
_d1141671